Křesťanství, kultura a svět II.

Salvato in:
Dettagli Bibliografici
Natura: Libro
Lingua:ceco
Pubblicazione: Praha : Křesťanská akademie, 1991
Tags: Aggiungi Tag
Nessun Tag, puoi essere il primo ad aggiungerne!!

MARC

LEADER 00000nam a22000003a 4500
001 stu2049
005 20150408175041.6
008 920622s1991----cs------------------cze-d
020 |a 80-900615-08^ 
040 |a STU  |b slo 
041 0 |a cze 
044 |a cs 
080 |a 23/28 
080 |a 304 
245 |a Křesťanství, kultura a svět II. 
260 |a Praha :  |b Křesťanská akademie,  |c 1991 
300 |a 146 s 
996 |b E76600  |c R*76600  |l RRUM  |s A  |a 24  |w stu2049_0001